Europejskie państwa posiadające czynne wulkany - Statystyki

Ogólne statystyki
  • Ten quiz został rozwiązany 40 razy
  • Średni wynik to 9 z 10
Statystyki odpowiedzi
Liczba wulkanów Kraj % Poprawnych
15 Islandia
100%
8 Włochy
100%
1 Grecja
94%
2 Portugalia
94%
2 Hiszpania
91%
1 Rosja
89%
2 Francja
86%
1 Norwegia
83%
1 Niemcy
80%
1 Rumunia
63%
Nie znaleziono quizów pasujących do podanych kryteriów
Rozkład punktacji
Procent ludzi z każdym wynikiem
Percentyl według liczby udzielonych odpowiedzi
Twoja historia wyników
Nie rozwiązałeś tego quizu